| 000 | 00413nam a2200157Ia 4500 | ||
|---|---|---|---|
| 008 | 220204s9999 xx 000 0 und d | ||
| 020 | _a9780226458120 | ||
| 082 |
_a165.9:5 _bKUH |
||
| 100 | _aKuhn, Thomas S | ||
| 245 | 4 | _aThe Structure of scientific revolutions. ed 4 | |
| 250 | _a4 | ||
| 260 |
_aChicago _bUniversity of Chicago Press _c2012 |
||
| 300 | _a217p. | ||
| 650 | _aHistory of science | ||
| 942 | _cBK | ||
| 999 |
_c43221 _d43221 |
||